[Event "Mittelfranken Landesliga Nord 2122"]
[Site "Mittelfranken"]
[Date "2021.10.24"]
[Round "1.4"]
[White "Tran, Phat"]
[Black "Eichenauer, Pascal"]
[Result "0-1"]
[WhiteElo "2309"]
[BlackElo "2084"]
[PlyCount "62"]
[EventDate "2021.10.24"]
[EventType "team-tourn"]
[EventRounds "9"]
[EventCountry "GER"]
[SourceTitle "EXT 2024"]
[Source "ChessBase"]
[SourceDate "2023.10.10"]
[SourceVersion "1"]
[SourceVersionDate "2023.10.10"]
[SourceQuality "1"]
[WhiteTeam "Nuernberg NT II"]
[BlackTeam "Wuerzburg"]
[WhiteTeamCountry "GER"]
[BlackTeamCountry "GER"]

1. d4 d5 2. Nf3 Nf6 3. c4 c6 4. Nc3 dxc4 5. a4 Bf5 6. e3 e6 7. Bxc4 Bb4 8. 0-0 0-0 9. h3 Ne4 10. Qb3 c5 11. Rd1 Qf6 12. dxc5 Nc6 13. Nxe4 Bxe4 14. Nd2 Bxd2 15. Rxd2 Qg6 16. Bf1 Ne5 17. Kh2 Rad8 18. Qc3 Rxd2 19. Bxd2 Qh5 20. Be2 Qxe2 21. Qxe5 Qxf2 22. Qxe4 Qxd2 23. Qxb7 Qxe3 24. c6 Qe5+ 25. Kh1 Qd5 26. b4 f5 27. Rc1 f4 28. Qd7 Qe4 29. c7 f3 30. Qd2 f2 31. Qd8 Qe1+ 0-1

[Event "Landesliga Nord 1920"]
[Site "Bayern"]
[Date "2020.02.09"]
[Round "6.1"]
[White "Lauer, Moritz"]
[Black "Tran, Phat"]
[Result "1-0"]
[WhiteElo "2384"]
[BlackElo "2297"]
[PlyCount "47"]
[EventDate "2019.09.29"]
[EventType "team-tourn"]
[EventRounds "9"]
[EventCountry "GER"]
[SourceTitle "EXT 2021"]
[Source "ChessBase"]
[SourceDate "2020.10.23"]
[SourceVersion "1"]
[SourceVersionDate "2020.10.23"]
[SourceQuality "1"]
[WhiteTeam "Herzogenaurach"]
[BlackTeam "Nuernberg NT II"]
[WhiteTeamCountry "GER"]
[BlackTeamCountry "GER"]

1. e4 e6 2. d4 d5 3. Nc3 dxe4 4. Nxe4 Nf6 5. Nxf6+ Qxf6 6. Nf3 h6 7. Be3 Bd6 8. Qd2 Nc6 9. 0-0-0 Bd7 10. Be2 0-0-0 11. c4 Rhe8 12. c5 Bf8 13. Qc3 g5 14. Ne5 Bg7 15. Nxd7 Rxd7 16. Bb5 Rd5 17. Qa3 Red8 18. Bxc6 bxc6 19. Qxa7 e5 20. Qa6+ Kd7 21. dxe5 Qxe5 22. Rxd5+ cxd5 23. Qb7 d4 24. Bxd4 1-0

[Event "Landesliga Nord 1819"]
[Site "Bayern"]
[Date "2018.10.21"]
[Round "1.1"]
[White "Tran, Phat"]
[Black "Kreuzer, Martin"]
[Result "1-0"]
[WhiteElo "2325"]
[BlackElo "2209"]
[PlyCount "67"]
[EventDate "2018.10.21"]
[EventType "team-tourn"]
[EventRounds "9"]
[EventCountry "GER"]
[SourceTitle "EXT 2022"]
[Source "ChessBase"]
[SourceDate "2021.10.06"]
[SourceVersion "1"]
[SourceVersionDate "2021.10.06"]
[SourceQuality "1"]
[WhiteTeam "Nuernberg NT II"]
[BlackTeam "Kelheim SK"]
[WhiteTeamCountry "GER"]
[BlackTeamCountry "GER"]

1. d4 d5 2. c4 c6 3. Nc3 Nf6 4. Nf3 e6 5. Bg5 dxc4 6. e4 b5 7. e5 h6 8. Bh4 g5 9. Nxg5 hxg5 10. Bxg5 Nbd7 11. exf6 Bb7 12. g3 c5 13. d5 Qb6 14. Bg2 0-0-0 15. 0-0 b4 16. Na4 Qa6 17. a3 Nb8 18. axb4 Bxd5 19. Nxc5 Qc6 20. Bxd5 Rxd5 21. Qg4 Rg8 22. h4 Nd7 23. Nxd7 Rxd7 24. Rfc1 Rc7 25. Qd4 Bxb4 26. Rxa7 Rd8 27. Rxc7+ Kxc7 28. Bf4+ Kc8 29. Qa7 Bd2 30. Bxd2 Rxd2 31. Qxf7 Rxb2 32. Qf8+ Kb7 33. Qe7+ Kb6 34. Qd8+ 1-0

[Event "Oberliga Bayern 1718"]
[Site "Bayern"]
[Date "2018.03.18"]
[Round "8.1"]
[White "Pezerovic, Edin"]
[Black "Tran, Phat"]
[Result "1/2-1/2"]
[WhiteElo "2421"]
[BlackElo "2298"]
[PlyCount "111"]
[EventDate "2017.10.22"]
[EventType "team-tourn"]
[EventRounds "9"]
[EventCountry "GER"]
[SourceTitle "EXT 2020"]
[Source "ChessBase"]
[SourceDate "2019.10.17"]
[SourceVersion "1"]
[SourceVersionDate "2019.10.17"]
[SourceQuality "1"]
[WhiteTeam "Muenchen 36"]
[BlackTeam "Nuernberg NT II"]
[WhiteTeamCountry "GER"]
[BlackTeamCountry "GER"]

1. d4 Nf6 2. Bf4 c5 3. e3 g6 4. c3 Qb6 5. Qb3 Qxb3 6. axb3 cxd4 7. exd4 Nc6 8. Na3 Nd5 9. Bg3 Bh6 10. Nb5 0-0 11. Bc4 Nf4 12. Nc7 Rb8 13. Ne2 Nxe2 14. Kxe2 d6 15. d5 Ne5 16. Rxa7 Bf5 17. Rha1 Rfc8 18. Ra8 Rxa8 19. Rxa8 Rxa8 20. Nxa8 Bc1 21. Nb6 Nxc4 22. Nxc4 Be4 23. Nb6 Bxg2 24. f3 Bxb2 25. Kd2 Bxf3 26. Kc2 Ba1 27. b4 Be4+ 28. Kb3 g5 29. Be1 Bb1 30. Nc4 f5 31. b5 Be4 32. Nb6 Bd3 33. Ka2 Bxc3 34. Bxc3 Bxb5 35. Kb3 Kf7 36. Nc4 Bxc4+ 37. Kxc4 h5 38. Bd2 Kg6 39. Kd4 h4 40. Ke3 Kf6 41. Kf3 b5 42. Bc3+ e5 43. h3 b4 44. Bxb4 e4+ 45. Kg2 Ke5 46. Bc3+ Kxd5 47. Bf6 g4 48. hxg4 fxg4 49. Bxh4 Kd4 50. Kg3 e3 51. Kxg4 Ke4 52. Kg3 d5 53. Kg2 Kd3 54. Kf3 Kd2 55. Bg5 d4 56. Ke4 1/2-1/2

[Event "Landesliga Nord 1617"]
[Site "Bayern"]
[Date "2017.02.19"]
[Round "6.1"]
[White "Tran, Phat"]
[Black "Lorenz, Mark"]
[Result "1-0"]
[WhiteElo "2284"]
[BlackElo "2097"]
[PlyCount "61"]
[EventDate "2016.10.16"]
[EventType "team-tourn"]
[EventRounds "9"]
[EventCountry "GER"]
[SourceTitle "EXT 2019"]
[Source "ChessBase"]
[SourceDate "2018.10.10"]
[SourceVersion "1"]
[SourceVersionDate "2018.10.10"]
[SourceQuality "1"]
[WhiteTeam "Nuernberg NT II"]
[BlackTeam "Marktleuthen"]
[WhiteTeamCountry "GER"]
[BlackTeamCountry "GER"]

1. d4 Nf6 2. Nf3 e6 3. g3 d5 4. Bg2 b5 5. a4 b4 6. 0-0 Be7 7. c4 bxc3 8. Nxc3 Nbd7 9. Bf4 Nh5 10. Ne5 Nxe5 11. Bxe5 f6 12. e4 g6 13. exd5 fxe5 14. d6 Rb8 15. dxe7 Qxd4 16. Qe2 Kxe7 17. Nb5 Qb6 18. Qxe5 Bd7 19. Rac1 Rhc8 20. Rfe1 c5 21. Nc3 Nf6 22. Rcd1 Qc7 23. Qg5 Kf7 24. Re3 Kg7 25. Ne4 Ng8 26. Nd6 Bxa4 27. Qe5+ Nf6 28. Rf3 Qd8 29. Ra1 Rb4 30. Nxc8 Re4 31. Qxf6+ 1-0

[Event "Landesliga Nord 1617"]
[Site "Bayern"]
[Date "2016.12.04"]
[Round "3.1"]
[White "Staeblein, Christoph"]
[Black "Tran, Phat"]
[Result "0-1"]
[WhiteElo "2111"]
[BlackElo "2284"]
[PlyCount "100"]
[EventDate "2016.10.16"]
[EventType "team-tourn"]
[EventRounds "9"]
[EventCountry "GER"]
[SourceTitle "EXT 2019"]
[Source "ChessBase"]
[SourceDate "2018.10.10"]
[SourceVersion "1"]
[SourceVersionDate "2018.10.10"]
[SourceQuality "1"]
[WhiteTeam "Forchheim II"]
[BlackTeam "Nuernberg NT II"]
[WhiteTeamCountry "GER"]
[BlackTeamCountry "GER"]

1. d4 Nf6 2. c4 c5 3. d5 e5 4. Nc3 d6 5. e4 Be7 6. Be2 Nbd7 7. Be3 Nf8 8. h4 h5 9. f3 N6d7 10. g3 g5 11. hxg5 Bxg5 12. Qd2 Bxe3 13. Qxe3 Nf6 14. Bf1 Rg8 15. Nge2 Qe7 16. Kd2 Ng6 17. Bh3 Bxh3 18. Rxh3 0-0-0 19. Rhh1 Kb8 20. Kc2 Rh8 21. a3 Rc8 22. Nd1 h4 23. g4 Nh7 24. Nf2 Qg5 25. Kd2 Qd8 26. Nh3 Qa5+ 27. Kc2 f6 28. Nc3 Qd8 29. Ne2 Qe7 30. Nf2 Ng5 31. Nd3 Qd7 32. b3 Ka8 33. a4 Rcg8 34. Rag1 h3 35. Ng3 Nh4 36. Ne1 a6 37. Qc3 h2 38. Rf1 Ngxf3 39. Nxf3 Qxg4 40. Nxh4 Rxh4 41. Nf5 Qxe4+ 42. Kb2 Rf4 43. Nxd6 Qe2+ 44. Qc2 Qxc2+ 45. Kxc2 Rxf1 46. Rxf1 Rg1 47. Rxf6 h1Q 48. Rf8+ Ka7 49. Nc8+ Kb8 50. Nb6+ Kc7 0-1

[Event "Landesliga Nord 1617"]
[Site "Bayern"]
[Date "2016.11.20"]
[Round "2.1"]
[White "Tran, Phat"]
[Black "Priborsky, Jan"]
[Result "1-0"]
[WhiteElo "2284"]
[BlackElo "2251"]
[PlyCount "73"]
[EventDate "2016.10.16"]
[EventType "team-tourn"]
[EventRounds "9"]
[EventCountry "GER"]
[SourceTitle "EXT 2019"]
[Source "ChessBase"]
[SourceDate "2018.10.10"]
[SourceVersion "1"]
[SourceVersionDate "2018.10.10"]
[SourceQuality "1"]
[WhiteTeam "Nuernberg NT II"]
[BlackTeam "Bad Koetzting"]
[WhiteTeamCountry "GER"]
[BlackTeamCountry "GER"]

1. d4 Nf6 2. Bg5 e6 3. Nf3 h6 4. Bh4 c5 5. e3 Be7 6. dxc5 Qa5+ 7. Nbd2 Qxc5 8. Bd3 b6 9. 0-0 Bb7 10. c4 Qc7 11. Rc1 0-0 12. a3 d6 13. Bb1 Nbd7 14. Qe2 Rfe8 15. h3 Rac8 16. Bg3 Qb8 17. Nd4 Qa8 18. f3 d5 19. Nb5 e5 20. cxd5 Nxd5 21. Qd3 g6 22. Ba2 Nc5 23. Qe2 a6 24. Nc3 Bg5 25. Nc4 Nxc3 26. bxc3 Qb8 27. Rcd1 Rc6 28. Nxe5 Rxe5 29. Bxe5 Qxe5 30. f4 Bxf4 31. Rxf4 Ne6 32. Bxe6 Rxe6 33. Rd8+ Kg7 34. Qd3 g5 35. Rxf7+ Kxf7 36. Qh7+ Qg7 37. Rd7+ 1-0

[Event "Landesliga Nord 1516"]
[Site "Bayern"]
[Date "2016.02.21"]
[Round "7.1"]
[White "Koch, Moritz"]
[Black "Tran, Phat"]
[Result "1-0"]
[WhiteElo "2199"]
[BlackElo "2284"]
[PlyCount "119"]
[EventDate "2015.10.11"]
[EventType "team-tourn"]
[EventRounds "9"]
[EventCountry "GER"]
[SourceTitle "EXT 2018"]
[Source "ChessBase"]
[SourceDate "2017.10.13"]
[SourceVersion "1"]
[SourceVersionDate "2017.10.13"]
[SourceQuality "1"]
[WhiteTeam "Herzogenaurach"]
[BlackTeam "Nuernberg NT II"]
[WhiteTeamCountry "GER"]
[BlackTeamCountry "GER"]

1. e4 c5 2. Nf3 Nc6 3. d4 cxd4 4. Nxd4 Nf6 5. Nc3 g6 6. Be2 Bg7 7. 0-0 0-0 8. Nb3 d6 9. Bg5 a6 10. Re1 Re8 11. Bf1 Be6 12. Qd2 Rc8 13. Nd5 Bxd5 14. exd5 Ne5 15. Rac1 Nc4 16. Qd4 b5 17. Bxc4 bxc4 18. Nd2 Rc5 19. Nxc4 Nxd5 20. Qh4 h6 21. Bd2 g5 22. Qe4 Qc7 23. b3 Nc3 24. Bxc3 d5 25. Qf3 Bxc3 26. Qxc3 dxc4 27. Qe3 e6 28. Rcd1 Rc8 29. h3 Qa5 30. Rd7 Rf5 31. a4 cxb3 32. cxb3 Qc3 33. Rd8+ Kh7 34. Rxc8 Qxc8 35. Qd3 Qc5 36. Re2 Qc1+ 37. Kh2 Qf4+ 38. Kg1 h5 39. Qxa6 Rd5 40. Re1 Rd2 41. Qa7 Rd3 42. Qb7 Kg7 43. a5 Qd2 44. Qe4 Rxb3 45. Qe5+ Kg6 46. Ra1 Rb2 47. Qe4+ Kg7 48. Qe3 Qxe3 49. fxe3 Rb7 50. a6 Ra7 51. e4 Kf6 52. Kf2 Ke5 53. Ke3 Kd6 54. Kd4 g4 55. hxg4 hxg4 56. e5+ Kc6 57. Ke4 Kb6 58. Kf4 Ra8 59. a7 Kb7 60. g3 1-0

[Event "Landesliga Nord 1516"]
[Site "Bayern"]
[Date "2016.01.31"]
[Round "6.1"]
[White "Tran, Phat"]
[Black "Ostermeyer, Peter"]
[Result "0-1"]
[WhiteElo "2284"]
[BlackElo "2307"]
[PlyCount "90"]
[EventDate "2015.10.11"]
[EventType "team-tourn"]
[EventRounds "9"]
[EventCountry "GER"]
[SourceTitle "EXT 2018"]
[Source "ChessBase"]
[SourceDate "2017.10.13"]
[SourceVersion "1"]
[SourceVersionDate "2017.10.13"]
[SourceQuality "1"]
[WhiteTeam "Nuernberg NT II"]
[BlackTeam "Rottendorf"]
[WhiteTeamCountry "GER"]
[BlackTeamCountry "GER"]

1. d4 Nf6 2. Nf3 e6 3. Bg5 Be7 4. Nbd2 d5 5. e3 Nbd7 6. c4 c5 7. cxd5 Nxd5 8. Bxe7 Qxe7 9. Bd3 cxd4 10. Nxd4 0-0 11. 0-0 Nc5 12. Bc4 Rd8 13. Qf3 Nb6 14. b4 Nca4 15. a3 e5 16. N4b3 Nxc4 17. Nxc4 Be6 18. Rfc1 Rac8 19. Nba5 Bxc4 20. Rxc4 Rxc4 21. Nxc4 Qe6 22. Rd1 Rf8 23. Qd5 Qxd5 24. Rxd5 f6 25. g4 Rc8 26. Na5 b6 27. Nb7 Rc7 28. Nd8 Nc3 29. Rd3 Ne4 30. Ne6 Rc1+ 31. Kg2 Kf7 32. Nd8+ Ke8 33. Ne6 g6 34. f4 Rc2+ 35. Kg1 Nf2 36. Rd8+ Ke7 37. f5 Nxg4 38. Ra8 gxf5 39. Ng7 Nxe3 40. Rxa7+ Kd6 41. Ne8+ Kd5 42. Nxf6+ Ke6 43. Nxh7 Rg2+ 44. Kh1 f4 45. h4 f3 0-1

[Event "Landesliga Nord 1516"]
[Site "Bayern"]
[Date "2015.10.25"]
[Round "2.1"]
[White "Golda, Harald"]
[Black "Tran, Phat"]
[Result "1-0"]
[WhiteElo "2221"]
[BlackElo "2284"]
[PlyCount "89"]
[EventDate "2015.10.11"]
[EventType "team-tourn"]
[EventRounds "9"]
[EventCountry "GER"]
[SourceTitle "EXT 2018"]
[Source "ChessBase"]
[SourceDate "2017.10.13"]
[SourceVersion "1"]
[SourceVersionDate "2017.10.13"]
[SourceQuality "1"]
[WhiteTeam "Schweinfurt"]
[BlackTeam "Nuernberg NT II"]
[WhiteTeamCountry "GER"]
[BlackTeamCountry "GER"]

1. d4 Nf6 2. Nf3 d5 3. c4 c6 4. Nc3 Bg4 5. Ne5 Bf5 6. Qb3 Qb6 7. Qxb6 axb6 8. cxd5 Nxd5 9. Nxd5 cxd5 10. e3 f6 11. Bb5+ Nd7 12. Nf3 e6 13. Bd2 Bd6 14. Nh4 Bg4 15. f3 Bh5 16. g4 Bf7 17. e4 g5 18. Ng2 dxe4 19. fxe4 Bg6 20. e5 fxe5 21. dxe5 Bxe5 22. 0-0 Bxb2 23. Rad1 Bd4+ 24. Kh1 e5 25. Bxg5 Be4 26. Rxd4 exd4 27. Re1 0-0 28. Rxe4 Ra5 29. Bc4+ Kh8 30. h4 Ne5 31. Bb3 Rc5 32. Nf4 Nxg4 33. Rxd4 Rc3 34. Ng6+ hxg6 35. Rxg4 Rf2 36. Kg1 Rf5 37. Kg2 Kh7 38. Re4 Rc7 39. Re6 b5 40. Re8 Kg7 41. Be3 Rc4 42. Bxc4 bxc4 43. Re7+ Kf6 44. Rxb7 Ra5 45. Ra7 1-0

[Event "Landesliga Nord 1415"]
[Site "Bayern"]
[Date "2014.12.07"]
[Round "4.3"]
[White "Tran, Phat"]
[Black "Kraich, Klaus"]
[Result "1-0"]
[WhiteElo "2284"]
[BlackElo "2051"]
[PlyCount "147"]
[EventDate "2014.10.19"]
[EventType "team-tourn"]
[EventRounds "9"]
[EventCountry "GER"]
[SourceTitle "EXT 2018"]
[Source "ChessBase"]
[SourceDate "2017.10.13"]
[SourceVersion "1"]
[SourceVersionDate "2017.10.13"]
[SourceQuality "1"]
[WhiteTeam "Nuernberg NT II"]
[BlackTeam "Klingenberg"]
[WhiteTeamCountry "GER"]
[BlackTeamCountry "GER"]

1. d4 d5 2. c4 e6 3. Nf3 Be7 4. g3 Nf6 5. Bg2 0-0 6. 0-0 c6 7. Nc3 Nbd7 8. b3 b6 9. Ne5 Nxe5 10. dxe5 Nd7 11. Bb2 Ba6 12. Rc1 Rc8 13. Nb1 dxc4 14. bxc4 Nc5 15. Qc2 Qc7 16. Nd2 Rfd8 17. Nb3 Nxb3 18. axb3 Bb7 19. Qe4 Rd7 20. Rfd1 Rcd8 21. Rd3 c5 22. Qxb7 Qxb7 23. Bxb7 Rxb7 24. Rcd1 Rxd3 25. exd3 Rd7 26. Kf1 f5 27. Ke2 Kf7 28. h3 g6 29. Bc1 Bf8 30. Be3 Ke8 31. g4 Bg7 32. f4 Bf8 33. Rg1 Be7 34. g5 Bf8 35. h4 Kf7 36. Bd2 Rd4 37. Ke3 Rd7 38. Ra1 Be7 39. Bc3 Kg7 40. Ra4 h5 41. b4 Kf7 42. bxc5 Bxc5+ 43. d4 Be7 44. Bb4 Rb7 45. Bxe7 Kxe7 46. d5 Kd7 47. Kd4 Rc7 48. Ra6 Kc8 49. d6 Rd7 50. c5 bxc5+ 51. Kxc5 Kb7 52. Ra1 Kc8 53. Rb1 a5 54. Rb5 Ra7 55. Kb6 Rb7+ 56. Kxa5 Ra7+ 57. Kb4 Ra1 58. Kc5 Rd1 59. Kc6 Rc1+ 60. Rc5 Rd1 61. Kb6+ Kd8 62. Rc7 Rb1+ 63. Ka7 Ra1+ 64. Kb8 Ra4 65. Rg7 Rb4+ 66. Ka7 Rxf4 67. Rxg6 Rxh4 68. Rxe6 Rg4 69. Rh6 Kd7 70. Rh7+ Kc6 71. Rc7+ Kb5 72. d7 Ra4+ 73. Kb7 Rd4 74. Kc8 1-0

[Event "Landesliga Nord 1415"]
[Site "Bayern"]
[Date "2014.11.23"]
[Round "3.2"]
[White "Tran, Phat"]
[Black "Giessmann, Stephan"]
[Result "1-0"]
[WhiteElo "2284"]
[BlackElo "2209"]
[PlyCount "79"]
[EventDate "2014.10.19"]
[EventType "team-tourn"]
[EventRounds "9"]
[EventCountry "GER"]
[SourceTitle "EXT 2018"]
[Source "ChessBase"]
[SourceDate "2017.10.13"]
[SourceVersion "1"]
[SourceVersionDate "2017.10.13"]
[SourceQuality "1"]
[WhiteTeam "Nuernberg NT II"]
[BlackTeam "Kelheim"]
[WhiteTeamCountry "GER"]
[BlackTeamCountry "GER"]

1. e4 e6 2. d4 d5 3. e5 c5 4. c3 Nc6 5. Nf3 Qb6 6. a3 c4 7. Nbd2 f6 8. Be2 fxe5 9. Nxe5 Nxe5 10. dxe5 Bc5 11. 0-0 Qc7 12. b4 Bb6 13. Re1 Nh6 14. Bh5+ g6 15. Nf3 Qg7 16. Qd2 Nf5 17. Bg4 0-0 18. Qe2 h6 19. Bxf5 Rxf5 20. Be3 Bc7 21. h4 Bd7 22. Bc5 g5 23. hxg5 hxg5 24. Bd4 Be8 25. Nh2 Bg6 26. Ng4 Kf7 27. Nf6 Rh8 28. f3 Qh6 29. Ng4 Qh4 30. Qe3 Rf4 31. Rad1 Be4 32. Rf1 Bf5 33. Nf6 Qh2+ 34. Kf2 Rh3 35. Rh1 Qg3+ 36. Kg1 Rxh1+ 37. Kxh1 Rh4+ 38. Kg1 Qh2+ 39. Kf2 b6 40. Qxg5 1-0

[Event "Landesliga Nord 1415"]
[Site "Bayern"]
[Date "2014.11.09"]
[Round "2.3"]
[White "Tran, Phat"]
[Black "Kordts, Wolfgang"]
[Result "1/2-1/2"]
[WhiteElo "2284"]
[BlackElo "2159"]
[PlyCount "103"]
[EventDate "2014.10.19"]
[EventType "team-tourn"]
[EventRounds "9"]
[EventCountry "GER"]
[SourceTitle "EXT 2018"]
[Source "ChessBase"]
[SourceDate "2017.10.13"]
[SourceVersion "1"]
[SourceVersionDate "2017.10.13"]
[SourceQuality "1"]
[WhiteTeam "Nuernberg NT II"]
[BlackTeam "Nuernberg Sued SW"]
[WhiteTeamCountry "GER"]
[BlackTeamCountry "GER"]

1. e4 c5 2. Nf3 Nc6 3. d4 cxd4 4. Nxd4 g6 5. Nxc6 bxc6 6. Qd4 Nf6 7. e5 Nd5 8. e6 Nf6 9. exf7+ Kxf7 10. Bd3 d5 11. 0-0 Bg7 12. Qh4 e5 13. Re1 Nh5 14. Bg5 Qd6 15. Nd2 h6 16. Be7 Qd7 17. Bc5 Re8 18. Qa4 Nf4 19. Bf1 Kg8 20. Rad1 Qg4 21. Kh1 Bd7 22. f3 Qf5 23. Be3 Ne6 24. Bd3 Qf7 25. c4 Rab8 26. Qxa7 Ra8 27. Bxg6 Qe7 28. cxd5 Rxa7 29. Bxa7 Ra8 30. dxe6 Bxe6 31. Bd4 Qf6 32. Bd3 Bxa2 33. Bxe5 Qf7 34. Ra1 Bxe5 35. Rxa2 Qb7 36. Rxa8+ Qxa8 37. Rxe5 Qa1+ 38. Nf1 Qxb2 39. Bc4+ Kg7 40. Re7+ Kf8 41. Re6 c5 42. h3 Qc1 43. Re4 Qg5 44. Ne3 h5 45. h4 Qd8 46. Nd5 Qb8 47. Nf6 Qb1+ 48. Kh2 Qb8+ 49. Kh3 Qd6 50. Nxh5 Qh2+ 51. Kg4 Qxh4+ 52. Kxh4 1/2-1/2

[Event "Landesliga Nord 1415"]
[Site "Bayern"]
[Date "2014.10.19"]
[Round "1.3"]
[White "Haag, Wolfgang"]
[Black "Tran, Phat"]
[Result "0-1"]
[WhiteElo "2081"]
[BlackElo "2284"]
[PlyCount "108"]
[EventDate "2014.10.19"]
[EventType "team-tourn"]
[EventRounds "9"]
[EventCountry "GER"]
[SourceTitle "EXT 2018"]
[Source "ChessBase"]
[SourceDate "2017.10.13"]
[SourceVersion "1"]
[SourceVersionDate "2017.10.13"]
[SourceQuality "1"]
[WhiteTeam "Schweinfurt"]
[BlackTeam "Nuernberg NT II"]
[WhiteTeamCountry "GER"]
[BlackTeamCountry "GER"]

1. f4 Nf6 2. Nf3 g6 3. d3 d5 4. e3 Bg7 5. Be2 0-0 6. 0-0 c5 7. Nc3 Nc6 8. Ne5 Qc7 9. Nxc6 Qxc6 10. Bf3 Qd7 11. Qe2 d4 12. Ne4 Nxe4 13. dxe4 dxe3 14. c3 b6 15. Bxe3 Bb7 16. Qc4 Rad8 17. Rad1 Qc7 18. Qe2 Bh6 19. e5 Qc8 20. Bg4 Ba6 21. Qf3 e6 22. Rxd8 Rxd8 23. Rd1 Bd3 24. Bf2 c4 25. Bh4 Rd5 26. Be7 Qe8 27. Bd6 f5 28. Bh3 Be4 29. Qf1 Rxd1 30. Qxd1 Bxf4 31. Qd4 Qc8 32. g3 Bc1 33. Ba3 Bd5 34. Bf1 Qc6 35. Kf2 Qb5 36. Qh4 Qd7 37. Bxc4 g5 38. Qd4 f4 39. Ke1 Be3 40. Qd3 Kg7 41. Bd6 Qb7 42. Bxd5 Qxd5 43. Qxd5 exd5 44. Ke2 Kf7 45. Kf3 Ke6 46. h4 Bc1 47. hxg5 fxg3 48. b3 Bxg5 49. Kxg3 b5 50. Bc5 a6 51. Bd4 Bc1 52. Kg4 Bb2 53. b4 Bc1 54. Kh5 Bf4 0-1

[Event "Landesliga Nord 1213"]
[Site "Bayern"]
[Date "2013.02.03"]
[Round "6.1"]
[White "Oehrlein, Thomas"]
[Black "Tran, Phat"]
[Result "0-1"]
[WhiteElo "2180"]
[BlackElo "2310"]
[PlyCount "80"]
[EventDate "2012.10.14"]
[EventType "team-tourn"]
[EventRounds "9"]
[EventCountry "GER"]
[SourceTitle "EXT 2015"]
[Source "ChessBase"]
[SourceDate "2014.11.20"]
[SourceVersion "1"]
[SourceVersionDate "2014.11.20"]
[SourceQuality "1"]
[WhiteTeam "Bamberg"]
[BlackTeam "Nuernberg NT II"]
[WhiteTeamCountry "GER"]
[BlackTeamCountry "GER"]

1. e4 c5 2. Nf3 Nc6 3. d4 cxd4 4. Nxd4 Nf6 5. Nc3 d6 6. Be2 g6 7. Be3 Bg7 8. f3 0-0 9. Qd2 d5 10. 0-0-0 Nxd4 11. Bxd4 dxe4 12. fxe4 Be6 13. Kb1 Qc7 14. h3 Rfd8 15. Qe3 Qa5 16. g4 Rac8 17. a3 h6 18. Rhg1 Bc4 19. g5 hxg5 20. Rxg5 Qa6 21. Bxf6 Bxf6 22. Rxd8+ Rxd8 23. Rd5 Rxd5 24. Bxc4 Rd1+ 25. Nxd1 Qxc4 26. e5 Qd5 27. Nc3 Qxe5 28. Qxa7 Qe1+ 29. Ka2 Bxc3 30. bxc3 Qxc3 31. Qxb7 Qxc2+ 32. Ka1 Qc3+ 33. Ka2 e5 34. a4 Qc2+ 35. Ka3 e4 36. a5 Qc3+ 37. Ka4 e3 38. Qd5 Qa1+ 39. Kb3 Qd1+ 40. Kb4 e2 0-1

[Event "Landesliga Nord 1213"]
[Site "Bayern"]
[Date "2013.01.13"]
[Round "5.1"]
[White "Tran, Phat"]
[Black "Van Ginkel, Pieter"]
[Result "1-0"]
[WhiteElo "2310"]
[BlackElo "2130"]
[PlyCount "29"]
[EventDate "2012.10.14"]
[EventType "team-tourn"]
[EventRounds "9"]
[EventCountry "GER"]
[SourceTitle "EXT 2015"]
[Source "ChessBase"]
[SourceDate "2014.11.20"]
[SourceVersion "1"]
[SourceVersionDate "2014.11.20"]
[SourceQuality "1"]
[WhiteTeam "Nuernberg NT II"]
[BlackTeam "Nuernberg Sued SW"]
[WhiteTeamCountry "GER"]
[BlackTeamCountry "GER"]

1. d4 d5 2. c4 e6 3. Nc3 c5 4. cxd5 exd5 5. Nf3 Nc6 6. g3 Nf6 7. Bg2 Be7 8. 0-0 0-0 9. Bg5 c4 10. Ne5 Be6 11. f4 Nxe5 12. dxe5 Ng4 13. Bxe7 Qxe7 14. Qd4 Nh6 15. Nxd5 1-0

[Event "Landesliga Nord 1213"]
[Site "Bayern"]
[Date "2012.11.25"]
[Round "3.1"]
[White "Tran, Phat"]
[Black "Siepelt, Heiner"]
[Result "1-0"]
[WhiteElo "2310"]
[BlackElo "2319"]
[PlyCount "95"]
[EventDate "2012.10.14"]
[EventType "team-tourn"]
[EventRounds "9"]
[EventCountry "GER"]
[SourceTitle "EXT 2015"]
[Source "ChessBase"]
[SourceDate "2014.11.20"]
[SourceVersion "1"]
[SourceVersionDate "2014.11.20"]
[SourceQuality "1"]
[WhiteTeam "Nuernberg NT II"]
[BlackTeam "Wuerzburg"]
[WhiteTeamCountry "GER"]
[BlackTeamCountry "GER"]

1. d4 Nf6 2. c4 g6 3. Nf3 Bg7 4. g3 0-0 5. Bg2 d6 6. 0-0 c6 7. Nc3 Bf5 8. Nh4 Bd7 9. e4 e5 10. d5 c5 11. Rb1 Na6 12. Re1 Ne8 13. Nf3 h6 14. a3 f5 15. Nh4 Qf6 16. exf5 gxf5 17. Bh3 Qf7 18. Qc2 Nac7 19. b4 b6 20. Bb2 cxb4 21. axb4 b5 22. c5 e4 23. c6 Bc8 24. Rbd1 a5 25. Bf1 axb4 26. Nxb5 Nxb5 27. Bxb5 Nc7 28. Bc4 Ba6 29. Bxg7 Qxg7 30. Bxa6 Rxa6 31. Qd2 Rb6 32. Rb1 b3 33. Re3 b2 34. Re2 Rb5 35. Rxb2 Rxd5 36. Qb4 Kh7 37. Rbd2 Qe5 38. Rxd5 Nxd5 39. Qb7+ Ne7 40. Ra2 Rf7 41. c7 Qc3 42. Nxf5 Rxf5 43. c8Q Qxc8 44. Qxe7+ Kg6 45. Qxe4 Qc1+ 46. Kg2 Kf6 47. Ra8 Re5 48. Qf3+ 1-0

[Event "Landesliga Nord 1213"]
[Site "Bayern"]
[Date "2012.11.11"]
[Round "2.1"]
[White "Zier, Oliver"]
[Black "Tran, Phat"]
[Result "1/2-1/2"]
[WhiteElo "2133"]
[BlackElo "2310"]
[PlyCount "159"]
[EventDate "2012.10.14"]
[EventType "team-tourn"]
[EventRounds "9"]
[EventCountry "GER"]
[SourceTitle "EXT 2015"]
[Source "ChessBase"]
[SourceDate "2014.11.20"]
[SourceVersion "1"]
[SourceVersionDate "2014.11.20"]
[SourceQuality "1"]
[WhiteTeam "Bindlach II"]
[BlackTeam "Nuernberg NT II"]
[WhiteTeamCountry "GER"]
[BlackTeamCountry "GER"]

1. d4 Nf6 2. c4 g6 3. Nc3 Bg7 4. e4 d6 5. Nf3 0-0 6. Be2 Nc6 7. d5 Nb8 8. Bg5 Bg4 9. Qd2 c6 10. Bh6 Nbd7 11. Bxg7 Kxg7 12. dxc6 bxc6 13. 0-0 Nc5 14. Qe3 Bxf3 15. Bxf3 e5 16. b4 Ne6 17. Na4 Nd4 18. Rfc1 Rb8 19. Rab1 a5 20. a3 axb4 21. axb4 Ra8 22. Bd1 Nd7 23. c5 Qe7 24. Rc4 dxc5 25. Nxc5 Nxc5 26. Rxc5 Rfb8 27. Qc3 Ra2 28. Qc4 Rd2 29. Qc1 Rd8 30. Qxd2 Nf3+ 31. Bxf3 Rxd2 32. Rxc6 Qa7 33. Rf1 Qd4 34. Rc5 f6 35. Rd5 Qxb4 36. Rxd2 Qxd2 37. g3 f5 38. Rd1 Qb4 39. exf5 gxf5 40. Bg2 Kf6 41. Kf1 h5 42. h4 Qg4 43. Rd6+ Ke7 44. Rd5 Ke6 45. Kg1 f4 46. gxf4 Qxf4 47. Rd3 Qxh4 48. Rh3 Qg5 49. Rg3 Qc1+ 50. Kh2 Qd2 51. Rf3 Kd6 52. Kg1 Kc5 53. Re3 Qb2 54. Re4 Qc1+ 55. Kh2 Qg5 56. Re3 Qf4+ 57. Kg1 Kd4 58. Kf1 Qf5 59. Kg1 Qb1+ 60. Kh2 Qc2 61. Kg1 Qf5 62. Bh3 Qb1+ 63. Kh2 Kd5 64. Bg2+ Ke6 65. Bh3+ Kf6 66. Bg2 Qd1 67. Rf3+ Kg5 68. Re3 Kf5 69. Rf3+ Kg4 70. Re3 Qd2 71. Kg1 Qb2 72. Rg3+ Kf4 73. Rf3+ Kg5 74. Rg3+ Kh6 75. Re3 h4 76. Bh3 Kg5 77. Bg2 Kf5 78. Bh3+ Kf4 79. Bg2 Qc2 80. Rf3+ 1/2-1/2